000 00555nam a22001817a 4500
005 20231108114151.0
008 231108b |||||||| |||| 00| 0 eng d
020 _a409034207
041 _aEnglish
082 _a346.3 ISA
100 _aIsaacs, I
_lEnglish
245 _aThe Law of Collisions in South Africa /
_cI Isaacs
250 _aFifth Edition
260 _aDurban :
_bButterworths and Company (Pty) Ltd,
_c1974
300 _bxxxvi, 294 pages ;
_c25,5 cm.
650 _aLegal practice
_bLaw
942 _cBK
_6ALISON_BN_VRIES
999 _c426
_d426